Las Cortes y los héroes : (Record no. 193554)
[ view plain ]
| 000 -LEADER | |
|---|---|
| campo de control de longitud fija | 02597nam a22003017 4500 |
| 001 - NÚMERO DE CONTROL | |
| campo de control | 193554 |
| 003 - IDENTIFICADOR DE NÚMERO DE CONTROL | |
| campo de control | ES-MaACL |
| 005 - FECHA Y HORA DE LA ÚLTIMA TRANSACCIÓN | |
| campo de control | 20250708203023.0 |
| 008 - DATOS DE LONGITUD FIJA--INFORMACIÓN GENERAL | |
| campo de control de longitud fija | 240108s2023 sp ||||| |||| 00| 0 spa d |
| 020 ## - NÚMERO INTERNACIONAL ESTÁNDAR DEL LIBRO | |
| Número Internacional Estándar del Libro | 9788479435684 |
| 040 ## - FUENTE DE CATALOGACIÓN | |
| Centro/agencia transcriptor | ES-MaACL |
| 100 ## - ENTRADA PRINCIPAL--NOMBRE DE PERSONA | |
| Nombre de persona | Herrero de Padura, Mercedes |
| 9 (RLIN) | 234853 |
| Término indicativo de función/relación | Autor |
| 245 14 - MENCIÓN DEL TÍTULO | |
| Título | Las Cortes y los héroes : |
| Resto del título | las inscripciones en el salón de sesiones del Congreso de los Diputados y del Senado (1811-1931) / |
| Mención de responsabilidad, etc. | Mercedes Herrero de Padura ; Victoria Fernandez Mera. |
| 260 ## - PUBLICACIÓN, DISTRIBUCIÓN, ETC. | |
| Lugar de publicación, distribución, etc. | [Madrid] : |
| Nombre del editor, distribuidor, etc. | Congreso de los Diputados, |
| Fecha de publicación, distribución, etc. | 2023 |
| 300 ## - DESCRIPCIÓN FÍSICA | |
| Extensión | 597 páginas : |
| Otras características físicas | ilustraciones ; |
| Dimensiones | 24 cm |
| 520 ## - RESUMEN, ETC. | |
| Sumario, etc. | "Desde su instalación en Cádiz en 1810 hasta la Segunda República, las Cortes honraron a los que se señalaron en la lucha por la libertad de la nación y por las libertades de sus ciudadanos con la inscripción de sus nombres en letras doradas en el salón de sesiones. Daoiz, Riego, Torrijos, el Empecinado, Palafox, Prim, Canalejas, Martínez Campos, García Hernández… Un total de cuarenta y cuatro protagonistas de nuestra historia alcanza¬ron la máxima distinción otorgada por las Cortes: treinta a título individual -entre ellos una única mujer, Mariana de Pineda-, y catorce de forma colectiva como firmantes del proyecto de la Constitución de 1812. Tras la Guerra Civil, en un intento de borrar la memoria de las Cortes liberales y democráticas, todas las inscripciones fueron eliminadas. En la actualidad solo se conservan dos cartelas, cada una de ellas con seis nombres inscritos que salieron a la luz en 1986 durante unas labores de restauración. En un recorrido por nuestra historia política y parlamentaria, las autoras recuperan la memoria de aquellos héroes y beneméritos de la patria, destacando su humanidad y las ac¬ciones que los hicieron acreedores de la gratitud de las Cortes." |
| 610 14 - PUNTO DE ACCESO ADICIONAL DE MATERIA--NOMBRE DE ENTIDAD CORPORATIVA | |
| 9 (RLIN) | 3671 |
| Nombre de entidad corporativa o nombre de jurisdicción como elemento de entrada | España. |
| Unidad subordinada | Cortes Generales. |
| -- | Congreso |
| 610 14 - PUNTO DE ACCESO ADICIONAL DE MATERIA--NOMBRE DE ENTIDAD CORPORATIVA | |
| 9 (RLIN) | 3674 |
| Nombre de entidad corporativa o nombre de jurisdicción como elemento de entrada | España. |
| Unidad subordinada | Cortes Generales. |
| -- | Senado |
| 651 #4 - PUNTO DE ACCESO ADICIONAL DE MATERIA--NOMBRE GEOGRÁFICO | |
| Nombre geográfico | España- |
| Subdivisión general | Historia- |
| Subdivisión cronológica | 1814-1833, Fernando VII |
| 9 (RLIN) | 8248 |
| 700 ## - ENTRADA AGREGADA--NOMBRE PERSONAL | |
| Forma completa/desarrollada del nombre | Fernández Mera, Victoria |
| 9 (RLIN) | 234854 |
| 852 ## - LOCALIZACIÓN | |
| Ubicación | ES-MaACL |
| Sublocalización o colección | R.154820 |
| itemnumber | 201109 |
| Ubicación en estantería | Depósito J |
| Número de control de estantería | N-9635 |
| Donativo/Legado | Donación: Congreso de los Diputados |
| Encuadernación | Encuadernación rústica con solapas |
| 903 ## - NOMBRE PERSONAL DE DONANTE | |
| a | España. |
| b | Cortes Generales. |
| -- | Congreso |
| e | Donante |
| 942 ## - ELEMENTOS DE ENTRADA SECUNDARIOS (KOHA) | |
| Suprimir en OPAC | No |
| Tipo de ítem Koha | Libro impreso |
| Estatus retirado | Estado de pérdida | Fuente del sistema de clasificación o colocación | Estado de daño | No para préstamo | Biblioteca de origen | Biblioteca actual | Ubicación en estantería | Fecha de adquisición | Fuente de adquisición | Total de préstamos | Signatura topográfica completa | Código de barras | Visto por última vez | Precio de reemplazo | Tipo de ítem Koha |
|---|---|---|---|---|---|---|---|---|---|---|---|---|---|---|---|
| Clasificación decimal universal | Biblioteca del Ateneo de Madrid | Biblioteca del Ateneo de Madrid | Depósito J | 01/01/2024 | Donación | N-9635 | 101206456 | 29/01/2024 | 29/01/2024 | Libro impreso |
